| 000 | 00578nam a22001931i 4500 | ||
|---|---|---|---|
| 001 | 000030435 | ||
| 003 | RuMoIPM | ||
| 005 | 20260428122919.0 | ||
| 008 | 130115s1969----ur | c rus | ||
| 040 |
_aRuMoIPM _brus _ercr |
||
| 041 | 0 | _arus | |
| 080 | _a51:001 | ||
| 080 | _a519:1 | ||
| 100 | 1 | _aМорозов, Константин Евгеньевич | |
| 245 | 1 |
_aМатематическое моделирование в научном познании _cК. Е. Морозов |
|
| 260 |
_aМосква _bМысль _c1969 |
||
| 300 |
_a212 с. _bил. |
||
| 942 | _cBK | ||
| 999 |
_c30435 _d30435 |
||